[Event "Penang op 6th"]
[Site "Penang"]
[Date "2014.12.12"]
[Round "9"]
[White "Senador, Emmanuel"]
[Black "Siregar, Novian"]
[Result "1/2-1/2"]
[WhiteElo "2354"]
[BlackElo "2292"]
[PlyCount "32"]
[EventDate "2014.12.08"]
[EventType "swiss"]
[EventRounds "9"]
[EventCountry "MAS"]
[SourceTitle "CBM 163 Extra"]
[Source "ChessBase"]
[SourceDate "2014.12.23"]
[SourceVersion "1"]
[SourceVersionDate "2014.12.23"]
[SourceQuality "1"]

1. e4 c5 2. Nf3 Nc6 3. c3 d5 4. exd5 Qxd5 5. d4 cxd4 6. cxd4 e5 7. Nc3 Bb4 8. Bd2 Bxc3 9. Bxc3 e4 10. Ne5 Nxe5 11. dxe5 Ne7 12. Qa4+ Bd7 13. Qa3 Qe6 14. Rd1 0-0 15. Rd6 Qf5 16. Be2 Bc6 1/2-1/2

[Event "Penang op 6th"]
[Site "Penang"]
[Date "2014.12.12"]
[Round "8"]
[White "Siregar, Novian"]
[Black "Manaog, Stewart"]
[Result "1-0"]
[WhiteElo "2292"]
[BlackElo "2077"]
[PlyCount "57"]
[EventDate "2014.12.08"]
[EventType "swiss"]
[EventRounds "9"]
[EventCountry "MAS"]
[SourceTitle "CBM 163 Extra"]
[Source "ChessBase"]
[SourceDate "2014.12.23"]
[SourceVersion "1"]
[SourceVersionDate "2014.12.23"]
[SourceQuality "1"]

1. b3 e5 2. Bb2 Nc6 3. e3 d6 4. Bb5 a6 5. Bxc6+ bxc6 6. Ne2 f5 7. d4 exd4 8. Nxd4 Bd7 9. Qf3 Ne7 10. e4 fxe4 11. Qxe4 c5 12. Ne6 Bxe6 13. Qxe6 Qd7 14. Qe2 Qc6 15. 0-0 0-0-0 16. c4 d5 17. cxd5 Nxd5 18. Nc3 Nf6 19. Na4 Bd6 20. Bxf6 gxf6 21. Rac1 Rhg8 22. g3 Rde8 23. Qd3 Rg5 24. Rc3 Qd5 25. Qf3 Qxf3 26. Rxf3 Re6 27. h4 Rge5 28. Kg2 Kb7 29. Rc3 1-0

[Event "Penang op 6th"]
[Site "Penang"]
[Date "2014.12.11"]
[Round "6"]
[White "Siregar, Novian"]
[Black "Ramakrishnan, Ramesh"]
[Result "1-0"]
[WhiteElo "2292"]
[BlackElo "1839"]
[PlyCount "79"]
[EventDate "2014.12.08"]
[EventType "swiss"]
[EventRounds "9"]
[EventCountry "MAS"]
[SourceTitle "CBM 163 Extra"]
[Source "ChessBase"]
[SourceDate "2014.12.23"]
[SourceVersion "1"]
[SourceVersionDate "2014.12.23"]
[SourceQuality "1"]

1. b3 e5 2. Bb2 Nc6 3. e3 Nf6 4. Bb5 Bd6 5. Ne2 a6 6. Bxc6 dxc6 7. Ng3 Bg4 8. f3 Bd7 9. Nc3 0-0 10. 0-0 Qe7 11. Qe2 Ba3 12. Bxa3 Qxa3 13. Nce4 Qe7 14. c3 c5 15. Nxf6+ Qxf6 16. f4 Rae8 17. f5 Qc6 18. e4 Qh6 19. Rf3 Bb5 20. d3 Rd8 21. f6 g6 22. Rd1 Rd6 23. c4 Bd7 24. h3 Qg5 25. Qf2 b6 26. Nf1 Rd8 27. Ne3 Bc6 28. h4 Qh6 29. Nd5 Bxd5 30. exd5 c6 31. Re1 cxd5 32. Rxe5 dxc4 33. bxc4 Qc1+ 34. Kh2 Qc3 35. Qe3 Rf8 36. Qf4 Rd4 37. Re4 Rxe4 38. dxe4 Qd4 39. Qh6 Qe5+ 40. g3 1-0

[Event "Penang op 6th"]
[Site "Penang"]
[Date "2014.12.10"]
[Round "4"]
[White "Siregar, Novian"]
[Black "Calvelo, Jelvis"]
[Result "0-1"]
[WhiteElo "2292"]
[BlackElo "2081"]
[PlyCount "119"]
[EventDate "2014.12.08"]
[EventType "swiss"]
[EventRounds "9"]
[EventCountry "MAS"]
[SourceTitle "CBM 163 Extra"]
[Source "ChessBase"]
[SourceDate "2014.12.23"]
[SourceVersion "1"]
[SourceVersionDate "2014.12.23"]
[SourceQuality "1"]

1. b3 Nf6 2. Bb2 b6 3. Nf3 Bb7 4. e3 g6 5. Bxf6 exf6 6. c3 a5 7. Be2 Bg7 8. d4 0-0 9. Nbd2 f5 10. 0-0 Qe7 11. a4 h5 12. Rc1 Re8 13. Re1 h4 14. h3 d6 15. Bb5 c6 16. Bd3 d5 17. c4 Na6 18. cxd5 cxd5 19. Nb1 Nb4 20. Bf1 Rac8 21. Qd2 g5 22. Nh2 Qe6 23. Bb5 Red8 24. Nc3 Bf8 25. Nf3 f6 26. Nh2 Kg7 27. f4 Be7 28. Rf1 Rg8 29. Qf2 Rgf8 30. Nf3 Rc7 31. Ne2 Rxc1 32. Nxc1 Rc8 33. fxg5 fxg5 34. Ne5 Rc2 35. Qf3 Bc8 36. Ncd3 Rc3 37. Nxb4 axb4 38. Be8 g4 39. hxg4 Bg5 40. Bf7 Qh6 41. Qxd5 Bxe3+ 42. Kh1 h3 43. Bh5 hxg2+ 44. Kxg2 Rc7 45. Qd8 Rc2+ 46. Kg3 f4+ 47. Kf3 Qf6 48. Qxf6+ Kxf6 49. Ke4 Bb7+ 50. d5 Rd2 51. Nd3 Rxd3 52. Rxf4+ Bxf4 53. Kxd3 Bxd5 54. Kc2 Ke5 55. Be8 Kd4 56. Bb5 Be4+ 57. Kb2 Bd2 58. Bc4 Bc3+ 59. Kc1 Ke3 60. Be6 0-1

[Event "Singapore Masters 3rd"]
[Site "Singapore"]
[Date "2006.12.27"]
[Round "3"]
[White "Siregar, Novian"]
[Black "Vijayalakshmi, Subbaraman"]
[Result "1/2-1/2"]
[WhiteElo "2281"]
[BlackElo "2424"]
[PlyCount "175"]
[EventDate "2006.12.26"]
[EventType "swiss"]
[EventRounds "9"]
[EventCountry "SIN"]
[SourceTitle "CBM 116 Extra"]
[Source "ChessBase"]
[SourceDate "2007.03.07"]
[SourceVersion "1"]
[SourceVersionDate "2007.03.07"]
[SourceQuality "1"]

1. e4 e5 2. Nf3 Nc6 3. Bb5 a6 4. Bxc6 dxc6 5. 0-0 Bd6 6. d4 exd4 7. Qxd4 f6 8. Be3 Ne7 9. Nbd2 Be6 10. Nc4 Bxh2+ 11. Kxh2 Qxd4 12. Nxd4 Bxc4 13. Rfe1 0-0-0 14. b3 Bf7 15. Rad1 c5 16. Nf5 Nxf5 17. exf5 c4 18. b4 b6 19. Kg3 Rhe8 20. Kf4 Kb7 21. g4 h6 22. a4 Bd5 23. f3 Bc6 24. Rxd8 Rxd8 25. Ra1 Rd5 26. a5 Bb5 27. Kg3 Bd7 28. Bf4 Bb5 29. Kf2 Rd4 30. Be3 Rd7 31. Bf4 Kc6 32. Be3 Re7 33. Ra3 Kb7 34. Bd4 Rd7 35. Ke3 Bc6 36. c3 Rd5 37. Ra2 Rd7 38. Kf2 Bd5 39. Kg3 Bf7 40. Kf2 Rd5 41. axb6 cxb6 42. Re2 Rd7 43. f4 Bd5 44. Kg3 Kc6 45. g5 Bf7 46. gxh6 gxh6 47. Bxf6 Kb5 48. Rh2 Rd3+ 49. Kg4 h5+ 50. Kh4 Rd5 51. Kg5 a5 52. bxa5 bxa5 53. Rb2+ Kc6 54. Be5 Rd7 55. Bd4 Rb7 56. Ra2 Kb5 57. Rb2+ Ka6 58. Ra2 Be8 59. f6 a4 60. Re2 Bf7 61. Ra2 Ka5 62. Be5 Rb1 63. Bd4 Kb5 64. Kh6 Ka5 65. Kg7 Rb7 66. Bc5 Bd5+ 67. Be7 h4 68. Rd2 Bc6 69. Kh6 Be8 70. Rh2 Rb3 71. Rxh4 a3 72. Rh1 a2 73. Ra1 Rb2 74. Kg7 Rg2+ 75. Kf8 Bh5 76. f7 Ka4 77. Bg5 Kb3 78. Kg7 Bxf7 79. Kxf7 Kxc3 80. Bf6+ Kb3 81. Be5 c3 82. Bxc3 Kxc3 83. f5 Kb2 84. Rxa2+ Kxa2 85. f6 Kb3 86. Ke7 Re2+ 87. Kd7 Rf2 88. Ke7 1/2-1/2

[Event "Asia Cities-ch 11th"]
[Site "Genting Highlands"]
[Date "1998.04.15"]
[Round "9"]
[White "Siregar, Novian"]
[Black "Zagrebelny, Sergey"]
[Result "1-0"]
[WhiteElo "2255"]
[BlackElo "2485"]
[PlyCount "54"]
[EventDate "1998.04.09"]
[EventType "team-swiss"]
[EventRounds "9"]
[EventCountry "MAS"]
[SourceTitle "EXT 2020"]
[Source "ChessBase"]
[SourceDate "2019.10.17"]
[SourceVersion "1"]
[SourceVersionDate "2019.10.17"]
[SourceQuality "1"]
[WhiteTeam "Padang"]
[BlackTeam "Tashkent"]
[WhiteTeamCountry "INA"]
[BlackTeamCountry "UZB"]

1. e4 c5 2. Nf3 d6 3. Bb5+ Bd7 4. Bxd7+ Nxd7 5. 0-0 Ngf6 6. Re1 e6 7. c3 Be7 8. d4 cxd4 9. cxd4 d5 10. e5 Ne4 11. Nbd2 Nxd2 12. Bxd2 Qb6 13. Re3 Rc8 14. Rb3 Qa6 15. Bg5 f6 16. exf6 gxf6 17. Bh6 Rc4 18. g3 Rg8 19. Nh4 Kd8 20. Be3 Qc6 21. Qh5 Nf8 22. h3 e5 23. Rd1 exd4 24. Bxd4 Ne6 25. Qxh7 Re8 26. Nf3 b6 27. Rbd3 Nc7 1-0

[Event "Asia Cities-ch 11th"]
[Site "Genting Highlands"]
[Date "1998.04.10"]
[Round "3"]
[White "Abdul Kareem, Hassan"]
[Black "Siregar, Novian"]
[Result "1/2-1/2"]
[WhiteElo "2170"]
[BlackElo "2255"]
[PlyCount "80"]
[EventDate "1998.04.09"]
[EventType "team-swiss"]
[EventRounds "9"]
[EventCountry "MAS"]
[SourceTitle "EXT 2020"]
[Source "ChessBase"]
[SourceDate "2019.10.17"]
[SourceVersion "1"]
[SourceVersionDate "2019.10.17"]
[SourceQuality "1"]
[WhiteTeam "Dubai"]
[BlackTeam "Padang"]
[WhiteTeamCountry "UAE"]
[BlackTeamCountry "INA"]

1. e4 c5 2. Nf3 Nc6 3. c3 d5 4. exd5 Qxd5 5. d4 cxd4 6. cxd4 e5 7. Nc3 Bb4 8. dxe5 Qxd1+ 9. Kxd1 Bg4 10. Bf4 Nge7 11. Be2 0-0 12. a3 Ba5 13. b4 Ng6 14. Be3 Bc7 15. Nb5 Bb8 16. Nd2 Bxe2+ 17. Kxe2 Ncxe5 18. Rac1 Nc6 19. Rhd1 a6 20. Nc3 Bf4 21. Nf1 Rad8 22. Nd5 Bb8 23. g3 Rfe8 24. Kf3 Nf8 25. Kg2 Be5 26. Bb6 Rc8 27. a4 Ng6 28. Nfe3 f6 29. Nf5 Kf7 30. b5 axb5 31. axb5 Nce7 32. Nfxe7 Rxc1 33. Rxc1 Nxe7 34. Ne3 Ke6 35. Rd1 Rc8 36. f4 Bb8 37. Kf3 g6 38. Re1 Kf7 39. Rd1 Ke6 40. Re1 Kf7 1/2-1/2

[Event "Asia Cities-ch 11th"]
[Site "Genting Highlands"]
[Date "1998.04.09"]
[Round "2"]
[White "Dadashzadeh, Kavian"]
[Black "Siregar, Novian"]
[Result "1/2-1/2"]
[WhiteElo "2270"]
[BlackElo "2255"]
[PlyCount "63"]
[EventDate "1998.04.09"]
[EventType "team-swiss"]
[EventRounds "9"]
[EventCountry "MAS"]
[SourceTitle "EXT 2020"]
[Source "ChessBase"]
[SourceDate "2019.10.17"]
[SourceVersion "1"]
[SourceVersionDate "2019.10.17"]
[SourceQuality "1"]
[WhiteTeam "Talesh"]
[BlackTeam "Padang"]
[WhiteTeamCountry "IRI"]
[BlackTeamCountry "INA"]

1. Nf3 d5 2. g3 Nf6 3. Bg2 g6 4. 0-0 Bg7 5. d3 0-0 6. Nbd2 c6 7. e4 Bg4 8. h3 Bxf3 9. Bxf3 Nbd7 10. Qe2 e5 11. Bg2 Re8 12. a4 Qc7 13. a5 Rad8 14. Nb3 Nf8 15. Be3 b6 16. c3 Ne6 17. axb6 axb6 18. Ra6 c5 19. Rfa1 d4 20. cxd4 cxd4 21. Bc1 Nd7 22. Qf3 Qc2 23. Nd2 Bh6 24. Qe2 Rc8 25. Bf1 Qc6 26. Nc4 Bf8 27. Qd1 Nc7 28. Ra7 Nc5 29. b4 Nb7 30. Qb3 Nd6 31. Nxd6 Qxd6 32. Bd2 1/2-1/2